00710nam a22001817a 4500003000900000008004100009040007100050082002100121100002900142245008200171260002500253300002800278505013700306650001800443650002500461650001600486650002600502AR-CdUCM190411b ||||| |||| 00| 0 spa d aMUNICIPALIDAD PROVINCIAL DEL CUSCOcBIBLIOTECA MUNICIPAL DEL CUSCO a373.1 / H53bH53 aHilari Cáceres, Nohemi aCómo identificar las necesidades educativas especiales de los estudiantes / aCusco ;bA&M,c2017. a171 páginas ;c21 cm. aContenido: Una mirada a las necesidades educativas especiales -- Condiciones y formas de manifestación de las NEE transitorias ... aEducacción. aEducación especial aPedagogía aInclusión educativa